| 000 | 02293cam a22005174i 4500 | ||
|---|---|---|---|
| 003 | PE-LiUPU | ||
| 005 | 20250731173344.0 | ||
| 008 | 150706s2009 xxu rb 000 0 spa d | ||
| 020 | _a1575547643 | ||
| 035 | _a(Sirsi) i9781575547640 | ||
| 040 |
_aPE-LiUPU _bspa _cPE-LiUPU _erda |
||
| 049 | _aPRUA | ||
| 050 |
_aBV4597.53.L43 _bT87 2009 |
||
| 082 | 0 | 4 |
_a253.22 _bT97 _221 |
| 100 | 1 |
_aTutsch, Cindy, _d1947- , _eautor. |
|
| 245 | 1 | 3 |
_aEl líder y el liderazgo según Elena G. de White / _cCindy Tutsch. |
| 264 | 1 |
_aUSA : _bAsociación Publicadora Interamericana, _c2009. |
|
| 300 |
_a219 páginas ; _c23 centímetros |
||
| 336 |
_atext _2rdacontent |
||
| 337 |
_aunmediated _2rdamedia |
||
| 338 |
_avolume _2rdacarrier |
||
| 504 | _aIncluye referencias bibliográfaicas. | ||
| 505 | 0 | _aElena G. de White y sus consejos respecto al liderazgo -- ¿Están en sintonía Elena G. de White y John Maxwell? -- El conocimiento de Dios -- ¿Quién es el jefe aquí? -- La delegación de responsabilidades -- Conceptos actuales del liderazgo -- ¿Qué podemos hacer desde nuestra posición actual?. | |
| 526 | _aSEG42 | ||
| 526 | _aSEG41 | ||
| 526 | _aSEG40 | ||
| 526 | _aSEG39 | ||
| 526 | _aP94 | ||
| 526 | _aP87 | ||
| 526 | _aP86 | ||
| 526 | _aP85 | ||
| 526 | _aP77 | ||
| 526 | _aP76 | ||
| 526 | _aP35 | ||
| 650 | 0 | 4 | _aLiderazgo Cristiano. |
| 700 | 1 |
_aPacheco, José I., _etr. |
|
| 910 |
_agl _bjv _cng _d20091104 |
||
| 942 |
_2ddc _cBOOK |
||
| 949 |
_a253.22 T97 _wDEWEY _c1 _i60633 _d2016-8-22 _e2016-8-16 _f2017-2-14 _g1 _lCCODEBUL1 _mBUL _n14 _p17.00 _r0 _sY _tBOOK _u2015-7-6 _xTEOLOGIA _zUNKNOWN _0COMPRA _o.STAFF. Colección General |
||
| 949 |
_aBV4597.53.L43 T87 S18 2009 _wDEWEY _c1 _iCW00128 _lCIA _mBWL _r0 _sY _tBOOK _u2017-2-6 _xWHITE _zUNKNOWN _0COMPRA _o.STAFF. Centro White |
||
| 994 |
_aC0 _bPEPRU |
||
| 596 | _a1 4 | ||
| 999 |
_a253.22 T97 _wDEWEY _c50048 _i60633 _d50048 _e2018-8-31 _f2021-11-10 _g5 _lCCODEBUL1 _mBUL _n17 _p17.00 _q5 _r0 _sY _tBOOK _u2015-7-6 _xTEOLOGIA _PP35 _0COMPRA _o.STAFF. Colección Teología |
||
| 999 |
_a253.22 T97 _wDEWEY _c1 _iCW00128 _f2021-12-22 _g2 _lCCODECWL1 _mBWL _r0 _sY _tBOOK _u2017-2-6 _xWHITE _zUNKNOWN _0COMPRA _o.STAFF. Centro White |
||
| 980 |
_81 _gALBERTO SANCHEZ Responsable de Automatización |
||